[Event "Arco op-B 39th"]
[Site "Arco"]
[Date "2017.10.11"]
[Round "4"]
[White "Vicze, Kata"]
[Black "Di Dario, Dario"]
[Result "1-0"]
[WhiteElo "1459"]
[BlackElo "1604"]
[PlyCount "44"]
[EventDate "2017.10.08"]
[EventType "swiss"]
[EventRounds "8"]
[EventCountry "ITA"]
[SourceTitle "CBM 181 Extra"]
[Source "ChessBase"]
[SourceDate "2017.12.12"]
[SourceVersion "1"]
[SourceVersionDate "2017.12.12"]
[SourceQuality "1"]

1. e4 g6 2. d4 Bg7 3. Nc3 d6 4. Bc4 e6 5. Nf3 Nd7 6. Bg5 Ne7 7. Qd2 h6 8. Be3 a6 9. a4 b6 10. 0-0-0 Bb7 11. Ne1 Nf6 12. f3 Qd7 13. Nd3 Qc6 14. Bb3 a5 15. e5 Nfd5 16. Nxd5 Nxd5 17. Nf2 b5 18. axb5 Qxb5 19. Ba2 Nb4 20. Kb1 Qa4 21. Bb3 Qb5 22. Qc3 Nd5 1-0

[Event "Arco op-B 39th"]
[Site "Arco"]
[Date "2017.10.08"]
[Round "1"]
[White "Di Dario, Dario"]
[Black "Buri, Petra Zsuzsanna"]
[Result "0-1"]
[WhiteElo "1604"]
[BlackElo "1417"]
[PlyCount "78"]
[EventDate "2017.10.08"]
[EventType "swiss"]
[EventRounds "8"]
[EventCountry "ITA"]
[SourceTitle "CBM 181 Extra"]
[Source "ChessBase"]
[SourceDate "2017.12.12"]
[SourceVersion "1"]
[SourceVersionDate "2017.12.12"]
[SourceQuality "1"]

1. d4 Nf6 2. Nf3 d6 3. Bf4 g6 4. e3 Bg7 5. Be2 0-0 6. 0-0 e6 7. Nbd2 Nc6 8. h3 Nh5 9. Bh2 f5 10. c3 Ne7 11. Ng5 Nf6 12. Bc4 d5 13. Be2 h6 14. Ngf3 Ne4 15. Ne5 Kh7 16. f3 Nd6 17. Bd3 Nc6 18. Nxc6 bxc6 19. f4 Rb8 20. b3 Ne4 21. Qe2 Nxd2 22. Qxd2 Rb6 23. Qe2 Qd6 24. Rac1 c5 25. Kh1 cxd4 26. cxd4 Bb7 27. Rc2 Re8 28. Rfc1 c6 29. g4 Qe7 30. Bg3 Rc8 31. Be1 Qa3 32. Rc5 Bf8 33. R5c2 c5 34. Bc3 c4 35. bxc4 dxc4+ 36. Kh2 cxd3 37. Qxd3 Be4 38. Qd2 Bxc2 39. Ba5 Rb2 0-1

[Event "Rome ASR op"]
[Site "Rome"]
[Date "2011.09.29"]
[Round "4"]
[White "Condemi de Felice, Alfonso"]
[Black "Di Dario, Dario"]
[Result "1-0"]
[WhiteElo "1878"]
[BlackElo "1713"]
[PlyCount "95"]
[EventDate "2011.09.15"]
[EventType "swiss"]
[EventRounds "5"]
[EventCountry "ITA"]
[SourceTitle "EXT 2024"]
[Source "ChessBase"]
[SourceDate "2023.10.10"]
[SourceVersion "1"]
[SourceVersionDate "2023.10.10"]
[SourceQuality "1"]

1. d4 f5 2. Nf3 e6 3. c4 Nf6 4. Bg5 b6 5. Nc3 Bb4 6. Qb3 Bxc3+ 7. Qxc3 0-0 8. Bxf6 Qxf6 9. 0-0-0 Bb7 10. e3 a5 11. Bd3 Na6 12. a3 d6 13. Rhe1 c5 14. d5 Qxc3+ 15. bxc3 exd5 16. cxd5 Nc7 17. c4 a4 18. Kc2 Ba6 19. e4 fxe4 20. Rxe4 b5 21. Re7 bxc4 22. Bxh7+ Kxh7 23. Rxc7 Rae8 24. Rc6 Bc8 25. Rxd6 Bf5+ 26. Kc3 Bd3 27. Ng5+ Kg8 28. Rd2 Rf5 29. Ne6 Rf7 30. Nxc5 Bf1 31. Re6 Rc8 32. Rc6 Rb8 33. d6 Bxg2 34. Rc7 Rf3+ 35. Kxc4 Bf1+ 36. Kd4 Rxa3 37. d7 Bh3 38. Re2 Rb4+ 39. Ke5 Kh7 40. d8Q Rf3 41. Qg5 Rf5+ 42. Qxf5+ Bxf5 43. Kxf5 a3 44. Ree7 a2 45. Rxg7+ Kh8 46. Rh7+ Kg8 47. Rcg7+ Kf8 48. Ne6+ 1-0